Emmett and Jez / Kitten Lady Hannah Shaw ; ... Read More
Available copies
- 1 of 2 copies available at LARL/NWRL Consortium. (Show)
- 1 of 2 copies available at Lake Agassiz Regional Library.
Current holds
0 current holds with 2 total copies.
Show Only Available Copies
| Location | Call Number / Copy Notes | Barcode | Shelving Location | Status | Due Date |
|---|---|---|---|---|---|
| Climax Public Library | J SHA (Text) | 33500013625876 | Main | Available | - |
| Moorhead Public Library | J SHA (Text) | 33500013625868 | Main | Checked out | 07/20/2026 |
Record details
- ISBN: 9781665901192
- ISBN: 1665901195
- ISBN: 9781665901185
- ISBN: 1665901187
- Physical Description: 136 pages : illustrations ; 22 cm.
- Edition: First Aladdin hardcover edition, First Aladdin ... Read More
- Publisher: New York : Aladdin, [2022]
- Copyright: ©2022
Content descriptions
| Summary, etc.: | When the piglet Emmett arrives in Fosterland, he ... Read More |
Search for related items by subject
Search for related items by series
| LDR | 02168cam a22005538i 4500 | ||
|---|---|---|---|
| 001 | 393445 | ||
| 003 | LARL_NWRL_CONSORTIUM | ||
| 005 | 20220711161650.0 | ||
| 008 | 210812s2022 nyua b 000 1 eng | ||
| 010 | . | ‡a 2021023108 | |
| 040 | . | ‡aDLC ‡beng ‡erda ‡cDLC ‡dOCLCO ‡dBDX ‡dYDX ‡dSXP ‡dOI6 | |
| 020 | . | ‡a9781665901192 ‡q(hardcover) | |
| 020 | . | ‡a1665901195 ‡q(hardcover) | |
| 020 | . | ‡a9781665901185 ‡q(paperback) | |
| 020 | . | ‡a1665901187 ‡q(paperback) | |
| 020 | . | ‡z9781665901208 ‡q(eBook) | |
| 035 | . | ‡a(OCoLC)1264174497 | |
| 042 | . | ‡apcc ‡alcac | |
| 082 | 0 | 0. | ‡a[Fic] ‡223 |
| 100 | 1 | . | ‡aShaw, Hannah René, ‡d1987- ‡eauthor. |
| 245 | 1 | 0. | ‡aEmmett and Jez / ‡cKitten Lady Hannah Shaw ; illustrated by Bev Johnson. |
| 250 | . | ‡aFirst Aladdin hardcover edition, First Aladdin paperback edition. | |
| 264 | 1. | ‡aNew York : ‡bAladdin, ‡c[2022] | |
| 264 | 4. | ‡c©2022 | |
| 300 | . | ‡a136 pages : ‡billustrations ; ‡c22 cm. | |
| 336 | . | ‡atext ‡btxt ‡2rdacontent | |
| 337 | . | ‡aunmediated ‡bn ‡2rdamedia | |
| 338 | . | ‡avolume ‡bnc ‡2rdacarrier | |
| 490 | 0 | . | ‡aAdventures in Fosterland ; ‡v1 |
| 520 | . | ‡aWhen the piglet Emmett arrives in Fosterland, he relies on a three-legged kitten named Jez to show him the ropes.-- ‡cProvided by Publisher. | |
| 650 | 0. | ‡aSwine ‡vJuvenile fiction. ‡0(LARL_NWRL_CONSORTIUM)175370 | |
| 650 | 0. | ‡aCats ‡vJuvenile fiction. ‡0(LARL_NWRL_CONSORTIUM)164135 | |
| 650 | 0. | ‡aAnimals ‡xInfancy ‡vJuvenile fiction. ‡0(LARL_NWRL_CONSORTIUM)170654 | |
| 650 | 0. | ‡aFoster care of animals ‡vJuvenile fiction. | |
| 650 | 0. | ‡aFriendship ‡vJuvenile fiction. ‡0(LARL_NWRL_CONSORTIUM)164914 | |
| 650 | 1. | ‡aPigs ‡vFiction. | |
| 650 | 1. | ‡aCats ‡vFiction. ‡0(LARL_NWRL_CONSORTIUM)164102 | |
| 650 | 1. | ‡aAnimals ‡xInfancy ‡vFiction. | |
| 650 | 1. | ‡aFoster care of animals ‡vFiction. | |
| 650 | 1. | ‡aFriendship ‡vFiction. ‡0(LARL_NWRL_CONSORTIUM)164944 | |
| 700 | 1 | . | ‡aJohnson, Beverly, ‡eillustrator. |
| 776 | 0 | 8. | ‡iOnline version: ‡aShaw, Hannah René, 1987- ‡tEmmett and Jez. ‡bFirst Aladdin paperback edition. ‡dNew York : Aladdin, 2022 ‡z9781665901208 ‡w(DLC) 2021023109 |
| 905 | . | ‡uvanderl | |
| 901 | . | ‡a393445 ‡b ‡c393445 ‡tbiblio ‡soclc | |

Add to basket
Permalink
Disable Highlighting